Cultura ciudadana: una nueva mirada al límite entre el estado y la sociedad /
Gardado en:
| Autor Principal: | |
|---|---|
| Formato: | Texto |
| Etiquetas: |
Engadir etiqueta
Sen Etiquetas, Sexa o primeiro en etiquetar este rexistro!
|
MARC
| LEADER | 00000 a a2200000 04500 | ||
|---|---|---|---|
| 001 | 48660 | ||
| 003 | |||
| 040 | |||
| 100 | |a Hunt, Stacey L. | ||
| 245 | |a Cultura ciudadana: |b una nueva mirada al límite entre el estado y la sociedad / |c Stacey L. Hunt | ||
| 773 | |g volumen19, número52, (2015), páginas 119-141 : gráfico, ilustraciones | ||
| 999 | |c 20866 |d 20866 | ||
